000 01579cam a2200337 a 4500
001 1736
005 20230925104903.0
020 _a0439691400 (pbk.)
020 _a141558205X (BWI bdg .)
040 _aBKX
_cBKX
_dXY4
_dOCL
_dDLC
050 0 0 _aPZ7
_b.W2619 2005
082 0 0 _a[Fic]
_222
245 1 0 _aWatch your whiskers, Stilton! /
_c[text by Geronimo Stilton ; illustrations by Larry Keys and Topika Topraska].
260 _aNew York :
_bScholastic,
_c2005
300 _a111 pages :
_bcolor illustrations, maps ;
_c20 cm.
500 _a"English translation... Edizioni Piemme S.p.A."--T.p. verso.
505 _aH
520 _aEnter the world of Geronimo Stilton, where another laugh is always right around the corner! Each book is a fast-paced adventure with lively art and a unique format kids 7-10 will love.Cheesecake! A mysterious one-eyed rat was trying to steal The Rodent's Gazette from under my snout! I had to stop him -- but how? My business manager, Shif T. Paws, came up with a plan. He arranged for me to appear on a TV quiz show. If I won, the Gazette was safe. But if I lost -- SQUEAK! -- I had to give up my tail!
521 0 _a470
_bLexile
521 1 _aH
_bRaz-Plus
650 0 _aMice
_vJuvenile fiction.
650 0 _aGame shows
_vJuvenile fiction.
650 0 _aNewspapers
_vJuvenile fiction.
650 1 _aMice
_vFiction.
650 1 _aGame shows
_vFiction.
650 1 _aNewspapers
_vFiction.
650 1 _aJournalists
_vFiction.
650 1 _aHumorous stories.
906 _a7
_bcbc
_ccopycat
_d2
_encip
_f20
_gy-gencatlg
942 _2ddc
_cBK
_n0
999 _c1736
_d1736